000
00299nam a22001337a 4500
008
181022b xxu||||| |||| 00| 0 eng d
020
_a
9780312258405
041
_a
eng
080
_2
5 ED
_a
370
100
_a
51
101
_a
EDU
245
_a
The Practice Writing
_c
Scholes.R
942
_2
udc
_c
BK
999
_c
50442
_d
50442